| 000 | 00691nam a2200193 a 4500 | ||
|---|---|---|---|
| 005 | 20250115063751.0 | ||
| 008 | 991125s1983 mx 000 0 spa u | ||
| 035 | _aUPN01000041695 | ||
| 049 | _aF | ||
| 050 | 4 |
_aLE7.2913 U265 _bD412 no.150 |
|
| 100 | 1 | _aZiccardi, Alicia | |
| 245 | 1 | 0 |
_aNotas sobre la incidencia de la economía en América Latina / _cAlicia Ziccardi, Jorge Dettner. |
| 260 |
_aMéxico : _bUNAM, Centro de Estudios sobre la Universidad, _c1983. |
||
| 300 | _a21 p. | ||
| 440 | 0 |
_aDeslinde. _pCuadernos de cultura política universitaria ; _v150 |
|
| 650 | 4 |
_aEducación _xAspectos económicos _zAmérica Latina _97515 |
|
| 700 | 1 |
_aDettner, Jorge, _ecoaut. |
|
| 905 | _aLibro | ||
| 999 |
_c41695 _d41695 |
||